| 000 | 00514nmm a2200169Ia 4500 | ||
|---|---|---|---|
| 008 | 251105s9999||||xx |||||||||||||||||und|| | ||
| 020 | _a9788498301137 | ||
| 041 | _abaq | ||
| 100 | _aAramburu Goya, Nekane-Rivera Hernáez, Olga | ||
| 245 | 0 | _aEnpresen antolaketa | |
| 264 |
_a[Madrid, España] : _bUniversidad de Deusto, _c2008 |
||
| 300 | _a124 páginas | ||
| 490 | _aAmarillo - Serie Economía | ||
| 650 | _aEconomics and Business | ||
| 856 | _uhttps://public.digitaliapublishing.com/a/18051 | ||
| 942 | _cCF | ||
| 999 |
_c91557 _d91557 |
||